Принципы построения нейросетевых алгоритмов решения задач переноса нейтронов в размножающих средах; Известия Томского политехнического университета [Известия ТПУ]; Т. 309, № 3

Bibliografiske detaljer
Parent link:Известия Томского политехнического университета [Известия ТПУ]/ Томский политехнический университет (ТПУ).— , 2000-
Т. 309, № 3.— 2006.— [С. 58-63]
Hovedforfatter: Лавренюк А. Ф. Александр Федорович
Andre forfattere: Селиваникова О. В. Ольга Валерьевна
Summary:Заглавие с титульного листа
Электронная версия печатной публикации
Рассмотрены особенности применения нейросетевых вычислительных структур для решения задач переноса нейтронов в размножающих средах. Приведены принципы построения нейросетевых алгоритмов и схемы нейросетевых структур для этого класса задач на основе сеточно-лучевых моделей переноса нейтронов и построения на их основе нейросетевых процессоров с сеточно-лучевой структурой.
Sprog:russisk
Udgivet: 2006
Serier:Технические науки
Fag:
Online adgang:http://www.lib.tpu.ru/fulltext/v/Bulletin_TPU/2006/v309/i3/13.pdf
Format: MixedMaterials Electronisk Book Chapter
KOHA link:https://koha.lib.tpu.ru/cgi-bin/koha/opac-detail.pl?biblionumber=171301

MARC

LEADER 00000nla2a2200000 4500
001 171301
005 20240128131147.0
035 |a (RuTPU)RU\TPU\book\185759 
035 |a RU\TPU\book\185744 
090 |a 171301 
100 |a 20091203d2006 k y0rusy50 ca 
101 0 |a rus 
102 |a RU 
135 |a drnn ---uucaa 
181 0 |a i  
182 0 |a b 
200 1 |a Принципы построения нейросетевых алгоритмов решения задач переноса нейтронов в размножающих средах  |f А. Ф. Лавренюк, О. В. Селиванова 
203 |a Текст  |c электронный 
215 |a 1 файл (423 Кб) 
225 1 |a Технические науки 
300 |a Заглавие с титульного листа 
300 |a Электронная версия печатной публикации 
320 |a [Библиогр.: с. 63 (9 назв.)] 
330 |a Рассмотрены особенности применения нейросетевых вычислительных структур для решения задач переноса нейтронов в размножающих средах. Приведены принципы построения нейросетевых алгоритмов и схемы нейросетевых структур для этого класса задач на основе сеточно-лучевых моделей переноса нейтронов и построения на их основе нейросетевых процессоров с сеточно-лучевой структурой. 
337 |a Adobe Reader 
461 1 |0 (RuTPU)RU\TPU\book\176237  |t Известия Томского политехнического университета [Известия ТПУ]  |f Томский политехнический университет (ТПУ)  |d 2000- 
463 1 |0 (RuTPU)RU\TPU\book\185729  |x 1684-8519  |t Т. 309, № 3  |v [С. 58-63]  |d 2006  |p 261 с. 
610 1 |a нейросетевые алгоритмы 
610 1 |a задачи 
610 1 |a перенос 
610 1 |a нейтроны 
610 1 |a размножающие среды 
610 1 |a нейросетевые вычислительные структуры 
610 1 |a схемы 
610 1 |a сеточно-лучевые модели 
610 1 |a нейросетевые процессоры 
610 1 |a сеточно-лучевые структуры 
610 1 |a труды учёных ТПУ 
610 1 |a электронный ресурс 
700 1 |a Лавренюк  |b А. Ф.  |c российский физик, энергетик  |c профессор Томского политехнического университета, доктор технических наук  |f 1943-2006  |g Александр Федорович  |3 (RuTPU)RU\TPU\pers\17573 
701 1 |a Селиваникова  |b О. В.  |c специалист в области ядерных технологий  |c старший преподаватель Томского политехнического университета  |f 1977-  |g Ольга Валерьевна  |3 (RuTPU)RU\TPU\pers\26441  |9 12144 
801 1 |a RU  |b 63413507  |c 20090623  |g PSBO 
801 2 |a RU  |b 63413507  |c 20211021  |g PSBO 
856 4 |u http://www.lib.tpu.ru/fulltext/v/Bulletin_TPU/2006/v309/i3/13.pdf 
942 |c CF